00502nam a2200169 a 450000100060000000300090000600800410001502000180005604000280007410000190010224500740012125000060019526000460020130000250024749000270027265000330029926561CO-ViMGA141112s2004 ck r 000 u spa d a9789681647117 aCO-ViMGAbspacCO-ViMGA1 aMolina, Alicia10aEl agujero negro / cAlicia Molina ; ilustraciones Enrique Martínez a2 aMéxico : bFondo de Cultura Económica a48 p. : il. ; 15 cm. aA la orilla del viento14aCUENTOS INFANTILES MEXICANOS